000 00698nam a2200253Ia 4500
003 OSt
005 20220918230115.0
006 a|||||r|||| 00| 0
007 ta
008 220917b |||||||| |||| 00| 0 eng d
024 _a249,507
037 _cTextual
040 _aARTS
_cARTS
_beng
041 _2eng
_aeng
082 _aY1:354.2, L4
100 _aKhanna Girija
_9135756
245 0 _aAll about superstitions
260 _aNew Delhi
_bVikas Publishing House Pvy Ltd India
_c1974
300 _a120p.
_ccm.
650 _aSOCIOLOGY
700 _a Khanna Hari Mohan
_9151933
942 _hY1:354.2, L4
_cTEXL
_2CC
999 _c287136
_d287136